| 000 | 00522nam a2200181 a 4500 | ||
|---|---|---|---|
| 001 | 0145 | ||
| 005 | 20140414132041.0 | ||
| 008 | 040803s19uu xx 00 eng d | ||
| 020 | _a0-02-178993-2 | ||
| 050 |
_aBB _bR13 1990 |
||
| 100 | _aSerfozo, Mary | ||
| 245 |
_aRain talk / _cby Mary Serfozo ; illustrated by Keiko Narahashi. |
||
| 260 |
_aNew York : _bMacmillan/McGraw-Hill School Publishing, _c1990. |
||
| 300 | _a29 p. : ill. ; cm. | ||
| 650 |
_aRain _xFiction. |
||
| 650 | _aChildren stories. | ||
| 999 |
_c113854 _d113854 |
||